LANEIGE Lip Mask Flavors - Statistics

General Stats
  • This quiz has been taken 11 times
  • The average score is 5 of 13
Answer Stats
Answer % Correct
Berry
60%
Gummy Bear
60%
Sweet Candy
60%
Grapefruit
40%
Hot Cocoa
40%
Matcha Bubble Tea
40%
Peach Iced Tea
40%
Strawberry Shortcake
40%
Taro Bubble Tea
40%
Watermelon Pop
40%
Blue Lemonade
20%
Pumpkin Pie
20%
Rainbow Sherbet
20%
No matching quizzes found
Score Distribution
Percent of People with Each Score
Percentile by Number Answered
Your Score History
You have not taken this quiz